Rente ao dizer (Registo nº 1012)
[ vista simples ]
| 000 -Etiqueta do registo | |
|---|---|
| Cabeçalho | 00845nam0a2200277 4500 |
| 005 - Identificador da versão | |
| Campo de controlo | 20240813121822.0 |
| 010 ## - Número internacional normalizado dos livros (ISBN) | |
| Número (ISBN) | 9728465211 |
| 021 ## - Número do Depósito Legal | |
| Código do país | PT |
| Número | 178827/02 |
| 100 ## - Dados gerais de processamento | |
| Dados gerais de processamento | 20150708d2002 me y0pory5003 ba |
| 102 ## - Pais de publicação ou produção | |
| País de publicação | Portugal |
| 101 0# - Língua de publicação | |
| Língua do texto, banda sonora, etc. | Português |
| 215 ## - Descrição física | |
| Indicação específica da natureza do documento e extensão da espécie | 69, [16] p. |
| Outras indicações físicas | il |
| 200 1# - Titulo e menção de responsabilidade | |
| Título próprio | Rente ao dizer |
| Primeira menção de responsabilidade | Eugénio de Andrade |
| 225 2# - Colecção | |
| Título próprio da colecção | Obra de Eugénio de Andrade |
| Indicação de volume | 21 |
| 205 ## - Menção da edição | |
| Menção da edição | 4ª ed., rev |
| 210 ## - Publicação, Distribuição, etc. | |
| Lugar da edição, distribuição, etc. | Porto |
| Nome do editor, distribuidor, etc. | Fundação Eugénio de Andrade |
| Data da publicação, distribuição, etc. | 2002 |
| 300 ## - Notas gerais | |
| Texto da nota | Plano Nacional de Leitura |
| 314 ## - Notas relativas a responsabilidade intelectual | |
| Texto da nota | Eugénio de Andrade é pseudónimo de José Fontinhas |
| 606 ## - Nome comum usado como assunto | |
| Número de registo de entrada de autoridade | 0002007 |
| Palavra de ordem | Literatura portuguesa |
| Subdivisão de assunto | Poesia |
| Código do sistema | CA |
| 675 ## - Classificação Decimal Universal (CDU) | |
| Notação | 821.134.3-1 |
| Edição | 3ª ed. |
| Língua da edição | por |
| 700 #1 - Nome de autor-pessoa física (responsabilidade principal) | |
| Número de registo de entrada de autoridade | 0002337 |
| Palavra de ordem | Andrade |
| Outra parte do nome não tomada para palavra de ordem | Eugénio de |
| Elementos de identificação ou distinção | pseud. |
| Datas | 1923-2005 |
| 966 ## - Identificação da Biblioteca | |
| Sigla | EB2,3ENM |
| 942 ## - Elementos de entrada adicionados (Koha) | |
| Tipo de item no Koha | Livro |
| Situação do levantamento | Origin of item (home branch) (coded) | Biblioteca de empréstimo | Código de barras | Cota | Circulation type (not for loan) | Tipo de documento | Nota do exemplar | Damaged status |
|---|---|---|---|---|---|---|---|---|
| Biblioteca Escolar Eng. Nuno Mergulhão | Biblioteca Escolar Eng. Nuno Mergulhão | BENM1826 | 82LP-1 AND PNL | Livro | Sem mensagem | |||
| Biblioteca Escolar Eng. Nuno Mergulhão | Biblioteca Escolar Eng. Nuno Mergulhão | BENM1827 | 82LP-1 AND PNL | Livro | Sem mensagem | |||
| Biblioteca Escolar Eng. Nuno Mergulhão | Biblioteca Escolar Eng. Nuno Mergulhão | BENM1828 | 82LP-1 AND PNL | Livro | Sem mensagem | |||
| Biblioteca Escolar Eng. Nuno Mergulhão | Biblioteca Escolar Eng. Nuno Mergulhão | BENM1829 | 82LP-1 AND PNL | Livro | Sem mensagem | |||
| Biblioteca Escolar Eng. Nuno Mergulhão | Biblioteca Escolar Eng. Nuno Mergulhão | BENM1830 | 82LP-1 AND PNL | Livro | Sem mensagem | |||
| Biblioteca Escolar Eng. Nuno Mergulhão | Biblioteca Escolar Eng. Nuno Mergulhão | BENM1831 | 82LP-1 AND PNL | Livro | Sem mensagem | |||
| Biblioteca Escolar Eng. Nuno Mergulhão | Biblioteca Escolar Eng. Nuno Mergulhão | BENM1832 | 82LP-1 AND PNL | Livro | Sem mensagem | |||
| Biblioteca Escolar Eng. Nuno Mergulhão | Biblioteca Escolar Eng. Nuno Mergulhão | BENM1833 | 82LP-1 AND PNL | Livro | Sem mensagem | |||
| Biblioteca Escolar Eng. Nuno Mergulhão | Biblioteca Escolar Eng. Nuno Mergulhão | BENM1834 | 82LP-1 AND PNL | Livro | Sem mensagem | |||
| Biblioteca Escolar Eng. Nuno Mergulhão | Biblioteca Escolar Eng. Nuno Mergulhão | BENM1835 | 82LP-1 AND PNL | Livro | Sem mensagem | |||
| Biblioteca Escolar Eng. Nuno Mergulhão | Biblioteca Escolar Eng. Nuno Mergulhão | BENM1836 | 82LP-1 AND PNL | Livro | Sem mensagem | |||
| Biblioteca Escolar Eng. Nuno Mergulhão | Biblioteca Escolar Eng. Nuno Mergulhão | BENM1837 | 82LP-1 AND PNL | Livro | Sem mensagem |
